Estudios de tradicin̤ romans̕tica "tutela et curatela" /

Detalles Bibliográficos
Autor principal: Obarrio Moreno, Juan Alfredo
Formato: Libro
Lenguaje:español
Publicado: Madrid : Dykinson, D.L. 2011
Colección:Monografa̕s de derecho romano. Ius Commune ; 4
Materias:
Acceso en línea:Acceso restringido

MARC

LEADER 00000nam a2200000 a 4500
005 2012100107037.0
007 cr|||| |||
008 120326s2011 sp 001 0 spa|c
017 |a SE 1403-2011 
020 |a 9788499821214 
035 |a 5899 
040 |a vLex 
041 0 |a spa  |b lat 
090 |c 3495  |d 3495 
100 1 |a Obarrio Moreno, Juan Alfredo 
245 1 0 |a Estudios de tradicin̤ romans̕tica  |b "tutela et curatela" /  |c Juan Alfredo Obarrio Moreno  |h [Recurso electrn̤ico] : 
256 |a Servicio en ln̕ea 
260 |a Madrid :  |b Dykinson,  |c D.L. 2011 
300 |a 1 recurso electrn̤ico 
504 |a Bibliografa̕. Índice 
506 1 |a Contenido solo disponible en los productos indicados  |d vLex Global  
546 |a Texto en castellano, apňdice documental en latn̕ 
650 0 4 |a Tutela (Derecho romano) 
740 0 |a vLex Libros (Servicio en ln̕ea) 
830 0 |a Monografa̕s de derecho romano.  |p Ius Commune ;  |v 4 
856 4 0 |u http://vlex.com/source/estudios-tradicion-romanistica-tutela-curatela-5899  |z Acceso restringido 
942 |c BOOK 
999 0 |a Guardian and ward (Roman law)